000
00318nam a2200109Ia 4500
008
200302s9999 xx 000 0 und d
100
_a
Teri
245
_a
Griha Manual Vol - 2 Technical Manual for Triners on Sustainable Site Planning
260
_b
The Energy and Resources Institute
260
_c
2011
300
_a
137 P.,
999
_c
2862
_d
2862